| 000 | 03510cam a2200373 a 4500 | ||
|---|---|---|---|
| 001 | 115437 | ||
| 005 | 20230410132903.0 | ||
| 008 | 970219s1997 nyua 001 0beng | ||
| 035 | _9(DLC) 97002991 | ||
| 035 | _a2596080 | ||
| 010 | _a 97002991 | ||
| 020 | _a0679428550 (hardcover) | ||
| 040 |
_aDLC _cDLC _dDLC |
||
| 041 | 1 |
_aeng _hfre |
|
| 043 | _ae-fr--- | ||
| 050 | 1 | 4 |
_aB PQ 2605 _bT635a 1997 |
| 082 | 0 | 0 | _a848 |
| 100 | 1 | _aTodd, Olivier. | |
| 240 | 1 | 0 |
_aAlbert Camus. _lEnglish |
| 245 | 1 | 0 |
_aAlbert Camus : _ba life / _cOlivier Todd ; translated by Benjamin Ivry. |
| 260 |
_aNew York : _bAlfred A. Knopf, _c1997. |
||
| 300 |
_ax, 434 p. : _bill. ; _c24 cm. |
||
| 500 | _aAn abridged and edited English version. | ||
| 500 | _aIncludes index. | ||
| 505 | _aMatriculation number 17.032 -- "Mosquito, you've been accepted." -- Silence and words -- Metaphysics and politics -- White socks -- "Little bits of soul" -- The temptation to action -- Heroism and "a load of crap" -- Saint Augustine without Marx -- The letter from Salzburg -- Banned playwright -- The "political agitator" -- Intellectual worker -- An older brother -- Battles -- The reading room -- Persistent hopes for peace -- A beach at Bouisseville -- Exile -- Exodus -- Stopover at Oran -- An important thing -- Which absurdity? -- Short of breath -- Man's prejudices -- Resistances -- 180,000 copies -- Combats -- The Ramberts -- The island with three rivers -- The terror -- Bitterness -- Dear Comrade -- The unique one -- Three friends -- Forty grams of streptomycin -- 5 rue Sébastien-Bottin, facing the garden -- On the courtyard side -- Rebellions -- In a glass bowl -- November 1, 1954 -- "Algeria is not France" -- The prisoner's shout -- A black-hearted anemone -- The ways of silence -- The prize to pay -- Algerian griefs -- I don't know how to repeat myself -- Grand'rue de L'Eglise -- Conclusion. | ||
| 520 | _aThis volume is a biography of French Algerian author, philosopher, and journalist Albert Camus (1913-1960). Camus won the Nobel Prize for Literature in 1957. He was a key philosopher of the 20th-century and his most famous work is the novel L'Étranger (The Stranger). This work is the study of a man caught in conflicts between family loyalties and his own passionate nature, between the call to political action and devotion to his art, between his support of the native Algerians and his identification with the forgotten poor whites. Exploring Camus's impoverished childhood in the Algerian city of Belcourt, his underground activities during the Occupation in Paris, the intrigues of the French literati who embraced him after the publication of his first novel, L'Étranger, the author uncovers the solitary private man behind the mask of his celebrity. He shows us a writer isolated by his own success, crippled by the charms of women he could not resist, debilitated by the tuberculosis that did not kill him. The auto accident that did adds only to the ironies in the life of this international giant of twentieth-century literature. | ||
| 600 | 1 | 0 |
_aCamus, Albert, _d1913-1960. |
| 650 | 0 |
_aAuthors, French _y20th century _xBiography. |
|
| 650 | 4 |
_aAutores, Francia _ySiglo 20 _xBiografía. |
|
| 856 | 4 | 2 |
_3Contributor biographical information _uhttp://www.loc.gov/catdir/bios/random057/97002991.html |
| 856 | 4 | 2 |
_3Publisher description _uhttp://www.loc.gov/catdir/description/random049/97002991.html |
| 942 |
_2lcc _cbk |
||
| 946 | _adpf | ||
| 999 |
_c89594 _d89594 |
||